|
|
|
|
| LEADER |
00665cam a2200205 a 4500 |
| 001 |
0000110070 |
| 005 |
20080923090000.0 |
| 040 |
|
|
|a mod
|
| 041 |
|
|
|a eng
|
| 090 |
0 |
0 |
|a 382.1709595
|b CHE
|e 1975
|
| 100 |
0 |
0 |
|a Chew
|h Alan Fook Yew
|
| 245 |
1 |
4 |
|a The Malaysian balance of payments, 1960-1970
|c Chew Fook Yew, Alan
|
| 260 |
0 |
0 |
|a Kuala Lumpur
|b Penerbit Universiti Malaya
|c 1975
|
| 300 |
|
|
|a xviii, 284 p.
|c 25 cm
|
| 500 |
0 |
0 |
|a Includes index
|
| 500 |
0 |
0 |
|a Based on the author?s thesis, University of Hull, 1972
|
| 504 |
0 |
0 |
|a Bibliography: p. [251]-263
|
| 650 |
0 |
0 |
|a Balance of payments
|z Malaysia
|
| 999 |
|
|
|
| 999 |
|
|
|a 0000010225
|b MTAT
|d BOOKS
|e Umum
|f MTAT
|j AVAILABLE
|p 1
|q GOOD CONDITION
|